000 00663nam a2200229Ia 4500
003 OSt
005 20220928130331.0
006 a|||||r|||| 00| 0
007 ta
008 220927b |||||||| |||| 00| 0 eng d
024 _a26008
037 _cReference Collections
040 _aSDCL
_cSDCL
_beng
041 _2eng
_aeng
082 _aSigma .5'N6s, L5 RR
100 _aMitchell B R
_9352275
245 0 _aEuropean historical ststistics, 1750-1970
260 _aLondon
_bMacmillan Press
_c1975
300 _axx,827p.
_ccm.
942 _hSigma .5'N6s, L5 RR
_cREF
_2CC
999 _c786131
_d786131